Kinh tế thế giới những xu hướng đổi mới chiến lược /

Đã lưu trong:
書目詳細資料
主要作者: Võ Đại Lược
格式: 圖書
語言:Vietnamese
出版: Hậu Giang : Khoa học xã hội , 1986
版:In lần thứ 1
主題:
標簽: 添加標簽
沒有標簽, 成為第一個標記此記錄!
Thư viện lưu trữ: Thư viện Trường CĐ Kỹ Thuật Cao Thắng
LEADER 00691nam a2200193 a 4500
001 TVCDKTCT646
003 Thư viện trường Cao đẳng Kỹ thuật Cao Thắng
005 20050803000000
008 050803
980 \ \ |a Thư viện Trường CĐ Kỹ Thuật Cao Thắng 
024 |a RG_1 #1 eb0 i1 
041 0 # |a vie 
082 # # |a 337 /   |b V400L-k 
100 1 # |a Võ Đại Lược 
245 0 0 |a Kinh tế thế giới những xu hướng đổi mới chiến lược /  |c Võ Đại Lược 
250 # # |a In lần thứ 1 
260 # # |a Hậu Giang :  |b Khoa học xã hội ,  |c 1986 
300 # # |a 338tr. ;  |c 17cm 
650 # 4 |a Kinh tế thế giới